000
00324nam a22001337a 4500
008
170619b xxu||||| |||| 00| 0 eng d
020
_a
9781933116624
041
_a
eng
080
_a
32
100
_a
20
101
_a
SHP
245
_a
AMERICAN FOREIGN POLICY A FRAMEWORK FOR ANALYSIS
_c
CHITTICK.W.O
942
_2
udc
_c
BK
999
_c
18047
_d
18047